[Event "7. Bayerische Meisterschaft 2003"]
[Site "Bad Wiessee"]
[Date "2003.11.08"]
[Round "1"]
[White "Rozentalis, Eduardas"]
[Black "Meier, Michael"]
[Result "1-0"]
[WhiteElo "2633"]
[BlackElo "2072"]
[PlyCount "47"]
[EventDate "2003.11.08"]

1. e4 c5 2. Nf3 e6 3. c3 Nf6 4. e5 Nd5 5. g3 d6 6. exd6 Bxd6 7. Bg2 O-O 8. O-O
Nc6 9. d4 cxd4 10. Nxd4 Nxd4 11. Qxd4 Be7 12. Nd2 Bf6 13. Qg4 e5 14. Qe2 g6 15.
Nc4 Nb6 16. Nxe5 Re8 17. f4 Nd7 18. Qf2 Bxe5 19. fxe5 Nxe5 20. Be3 Be6 21. Bd4
Qg5 22. h4 Qf5 23. Qe2 Bc4 24. Rxf5 1-0

[Event "7. Bayerische Meisterschaft 2003"]
[Site "Bad Wiessee"]
[Date "2003.11.08"]
[Round "1"]
[White "Konik, Michael"]
[Black "Khenkin, Igor"]
[Result "0-1"]
[WhiteElo "2069"]
[BlackElo "2627"]
[PlyCount "54"]
[EventDate "2003.11.08"]

1. d4 d5 2. Nf3 Nf6 3. g3 c6 4. Bg2 Bf5 5. O-O h6 6. c4 e6 7. Nc3 Nbd7 8. Ne5
Be7 9. Re1 O-O 10. cxd5 exd5 11. Qb3 Qb6 12. Nxd7 Bxd7 13. Qxb6 axb6 14. Bf4 b5
15. a3 b4 16. axb4 Bxb4 17. Rec1 Rfe8 18. e3 Bf5 19. Na4 Nd7 20. Nc3 g5 21. Bc7
Rxa1 22. Rxa1 Rc8 23. Be5 f6 24. Nxd5 cxd5 25. Bxd5+ Kg7 26. Bxb7 Rc2 27. e4
Bh3 0-1

[Event "7. Bayerische Meisterschaft 2003"]
[Site "Bad Wiessee"]
[Date "2003.11.08"]
[Round "1"]
[White "Eingorn, Vereslav S"]
[Black "Von Wantoch Rekowski, Danijela"]
[Result "1-0"]
[WhiteElo "2607"]
[BlackElo "2068"]
[PlyCount "61"]
[EventDate "2003.11.08"]

1. d4 e6 2. c4 d5 3. Nf3 c6 4. Nbd2 f5 5. g3 Nf6 6. Bg2 Bd6 7. O-O O-O 8. Qc2
b6 9. Ne5 Bxe5 10. dxe5 Nfd7 11. Nf3 Qe7 12. Bg5 Qe8 13. Bf4 Bb7 14. Nd4 g6 15.
cxd5 exd5 16. Bh6 Qxe5 17. Bxf8 Nxf8 18. Rfd1 Ne6 19. e3 Nd8 20. b4 Kh8 21. a4
Nd7 22. a5 Rc8 23. axb6 axb6 24. Ra7 Nf6 25. Nf3 Qd6 26. Qb2 Kg8 27. Ne5 Rc7
28. Nc4 Qe7 29. Nxb6 Ng4 30. b5 Nxe3 31. fxe3 1-0

[Event "7. Bayerische Meisterschaft 2003"]
[Site "Bad Wiessee"]
[Date "2003.11.08"]
[Round "1"]
[White "Guenther, Thomas"]
[Black "Fridman, Daniel"]
[Result "0-1"]
[WhiteElo "2068"]
[BlackElo "2592"]
[PlyCount "70"]
[EventDate "2003.11.08"]

1. d4 d6 2. Nf3 Bg4 3. c4 Nd7 4. e4 g6 5. Nc3 Bg7 6. Be3 c5 7. Be2 Rc8 8. d5 a6
9. Qc2 Qa5 10. Bd2 Rb8 11. O-O Ngf6 12. h3 Bxf3 13. Bxf3 b5 14. cxb5 axb5 15.
a4 b4 16. Nb5 O-O 17. Be2 Nb6 18. b3 Rfc8 19. Ra2 Rd8 20. Be3 Rbc8 21. Rd1 Nfd7
22. f4 c4 23. Bd4 Nc5 24. Bxc5 Rxc5 25. bxc4 Rdc8 26. Nd4 Bxd4+ 27. Rxd4 Qa7
28. Kh1 Ra5 29. Bd1 Nxa4 30. Qd2 Nc3 31. Rxa5 Qxa5 32. Bf3 Qa1+ 33. Kh2 b3 34.
Bd1 Nxd1 35. Qxd1 b2 0-1

[Event "7. Bayerische Meisterschaft 2003"]
[Site "Bad Wiessee"]
[Date "2003.11.08"]
[Round "1"]
[White "Endisch, Peter"]
[Black "Landa, Konstantin"]
[Result "0-1"]
[WhiteElo "2065"]
[BlackElo "2587"]
[PlyCount "36"]
[EventDate "2003.11.08"]

1. e4 c5 2. Nf3 e6 3. c3 Nf6 4. Bd3 d5 5. e5 Nfd7 6. O-O Nc6 7. Re1 g5 8. g4 h5
9. h3 c4 10. Bf1 hxg4 11. hxg4 Qc7 12. d4 cxd3 13. Nxg5 Ndxe5 14. f4 Bc5+ 15.
Kg2 Ng6 16. Qd2 Bd6 17. Qxd3 Bxf4 18. Nxe6 Nh4+ 0-1

[Event "7. Bayerische Meisterschaft 2003"]
[Site "Bad Wiessee"]
[Date "2003.11.08"]
[Round "1"]
[White "Sulskis, Sarunas"]
[Black "Schopf, Martin"]
[Result "1-0"]
[WhiteElo "2586"]
[BlackElo "2065"]
[PlyCount "69"]
[EventDate "2003.11.08"]

1. Nf3 Nf6 2. c4 d6 3. d4 Nbd7 4. Bf4 g6 5. e3 Bg7 6. Be2 O-O 7. h3 c5 8. O-O
Qb6 9. Qc2 Nh5 10. Bh2 cxd4 11. exd4 Bxd4 12. Nxd4 Qxd4 13. Bxh5 gxh5 14. Re1
Ne5 15. Nc3 f6 16. b3 Rf7 17. Rad1 Qh4 18. Bg3 Qg5 19. h4 Qg6 20. Qc1 Nd3 21.
Rxd3 Qxd3 22. c5 Rg7 23. cxd6 Rxg3 24. fxg3 Qxd6 25. Nb5 Qb6+ 26. Kh2 e5 27.
Nc7 Rb8 28. Qc4+ Kf8 29. Rf1 Qc6 30. Qb4+ Kf7 31. Nb5 Be6 32. Nxa7 Qa6 33. Nb5
Rd8 34. a4 Rd3 35. Qe4 1-0

[Event "7. Bayerische Meisterschaft 2003"]
[Site "Bad Wiessee"]
[Date "2003.11.08"]
[Round "1"]
[White "Skarke, Harald"]
[Black "Luther, Thomas"]
[Result "0-1"]
[WhiteElo "2063"]
[BlackElo "2580"]
[PlyCount "80"]
[EventDate "2003.11.08"]

1. e4 c6 2. d4 d5 3. e5 Bf5 4. Nc3 h5 5. Be2 e6 6. Nf3 Nd7 7. O-O Be7 8. Be3 g5
9. Qd2 g4 10. Ne1 f6 11. exf6 Ngxf6 12. Bd3 Qb6 13. Na4 Qc7 14. Bf4 Bd6 15.
Bxd6 Qxd6 16. a3 O-O-O 17. b4 Bxd3 18. Nxd3 Ne4 19. Qe3 b6 20. c4 dxc4 21. Qxe4
cxd3 22. Rfc1 Kb7 23. b5 Rc8 24. Qxd3 cxb5 25. Qxb5 Rhf8 26. Qd3 Qf4 27. Rf1
Qf5 28. Qe3 Qc2 29. Nc5+ bxc5 30. Qxe6 Qf5 31. Rab1+ Nb6 32. Qd6 Rfd8 33. Qg3
cxd4 34. a4 d3 35. Qe3 d2 36. Rbd1 Qd3 37. Qf4 Rd4 38. Qg5 Nxa4 39. Qa5 Nc3 40.
Ra1 Qxf1+ 0-1

[Event "7. Bayerische Meisterschaft 2003"]
[Site "Bad Wiessee"]
[Date "2003.11.08"]
[Round "1"]
[White "Gerstner, Bernhard"]
[Black "Bischoff, Klaus"]
[Result "1/2-1/2"]
[WhiteElo "2060"]
[BlackElo "2564"]
[PlyCount "68"]
[EventDate "2003.11.08"]

1. d4 Nf6 2. c4 d6 3. Nc3 Nbd7 4. Nf3 c6 5. Bg5 h6 6. Bh4 g5 7. Bg3 Nh5 8. e3
Bg7 9. Bd3 c5 10. d5 Bxc3+ 11. bxc3 Qa5 12. Qb3 Nb6 13. Nd2 Bd7 14. f3 O-O-O
15. Bf2 f5 16. O-O e5 17. dxe6 Bxe6 18. Rab1 Rhf8 19. Rfe1 Nf6 20. e4 fxe4 21.
Nxe4 Nxe4 22. Rxe4 Bf5 23. Re3 Bxd3 24. Rxd3 Qa6 25. Rbd1 Nxc4 26. Rd5 Rde8 27.
Bxc5 Na5 28. Qa3 dxc5 29. Rxc5+ Kb8 30. Rxa5 Qb6+ 31. Qc5 Qxc5+ 32. Rxc5 Re2
33. a4 Rfe8 34. Rcd5 Ra2 1/2-1/2

[Event "7. Bayerische Meisterschaft 2003"]
[Site "Bad Wiessee"]
[Date "2003.11.08"]
[Round "1"]
[White "Gavrikov, Viktor"]
[Black "Renner, Gabriele"]
[Result "1-0"]
[WhiteElo "2560"]
[BlackElo "2059"]
[PlyCount "61"]
[EventDate "2003.11.08"]

1. e4 e5 2. Nf3 Nc6 3. Bc4 Be7 4. O-O Nf6 5. d3 O-O 6. c3 d6 7. Bb3 Bg4 8. h3
Bh5 9. Re1 Qd7 10. Nbd2 Rad8 11. Nf1 Rfe8 12. Ng3 Bg6 13. Nh4 Na5 14. Bc2 Kh8
15. f4 exf4 16. Bxf4 Ng8 17. Nxg6+ hxg6 18. b4 Nc6 19. Bb3 Bh4 20. Rf1 Nf6 21.
Ne2 Nh5 22. Bd2 Rf8 23. Kh2 f5 24. exf5 Rxf5 25. g4 Rxf1 26. Qxf1 Nf6 27. Nf4
Kh7 28. d4 d5 29. Bc2 Ne7 30. Ng2 Nxg4+ 31. hxg4 1-0

[Event "7. Bayerische Meisterschaft 2003"]
[Site "Bad Wiessee"]
[Date "2003.11.08"]
[Round "1"]
[White "Wachweger, Albrecht"]
[Black "Golod, Vitali"]
[Result "0-1"]
[WhiteElo "2059"]
[BlackElo "2544"]
[PlyCount "98"]
[EventDate "2003.11.08"]

1. e4 c5 2. c3 Qa5 3. Bc4 d6 4. f4 e6 5. Nf3 b5 6. Bb3 Bb7 7. Bc2 Nf6 8. Qe2
Nbd7 9. O-O c4 10. d3 cxd3 11. Bxd3 b4 12. cxb4 Qxb4 13. Nc3 d5 14. exd5 Nxd5
15. Nxd5 Bxd5 16. Bb5 a6 17. Bxd7+ Kxd7 18. Ne5+ Ke8 19. Be3 Qb5 20. Qxb5+ axb5
21. a3 Bd6 22. Nf3 Ke7 23. Nd4 Rhb8 24. Rfc1 Kd7 25. g3 Ra4 26. Ne2 b4 27. axb4
Rxa1 28. Rxa1 Rxb4 29. Ra7+ Ke8 30. Bd4 Bf3 31. Ra6 Bxf4 32. gxf4 Bxe2 33. Ra8+
Kd7 34. Ra7+ Kc6 35. Bxg7 Rxf4 36. Be5 Rf5 37. Bc3 Kd5 38. Ra5+ Ke4 39. Rxf5
Kxf5 40. Kf2 Bb5 41. Ke3 e5 42. Bb4 Ke6 43. Bf8 f5 44. Bh6 f4+ 45. Kf2 Kf5 46.
Bf8 e4 47. Bc5 e3+ 48. Kf3 Bc6+ 49. Ke2 Ke4 0-1

[Event "7. Bayerische Meisterschaft 2003"]
[Site "Bad Wiessee"]
[Date "2003.11.08"]
[Round "1"]
[White "Berelovich, Aleksandar"]
[Black "Schuetzhold, Frank"]
[Result "1-0"]
[WhiteElo "2540"]
[BlackElo "2056"]
[PlyCount "29"]
[EventDate "2003.11.08"]

1. e4 d6 2. d4 Nf6 3. Nc3 g6 4. Be3 Bg7 5. f3 c6 6. Qd2 Qa5 7. Nge2 Be6 8. Nf4
Na6 9. Nxe6 fxe6 10. Be2 d5 11. e5 Nd7 12. f4 O-O-O 13. O-O Kb8 14. a3 Nc7 15.
b4 1-0

[Event "7. Bayerische Meisterschaft 2003"]
[Site "Bad Wiessee"]
[Date "2003.11.08"]
[Round "1"]
[White "Loerke, Reinhard"]
[Black "Potkin, Vladimir"]
[Result "0-1"]
[WhiteElo "2055"]
[BlackElo "2534"]
[PlyCount "66"]
[EventDate "2003.11.08"]

1. e4 c5 2. Nc3 e6 3. Bc4 Nc6 4. f4 a6 5. a4 Nf6 6. e5 d5 7. Be2 Nd7 8. Nf3 Be7
9. O-O O-O 10. Qe1 f6 11. Qg3 fxe5 12. fxe5 Qc7 13. d4 Nxd4 14. Nxd4 Rxf1+ 15.
Bxf1 cxd4 16. Nxd5 exd5 17. Bf4 Nf8 18. Bd3 Ne6 19. Bh6 Bd7 20. Rf1 Rf8 21. Bf5
Rxf5 22. Rxf5 Qxc2 23. Rf2 Qg6 24. Qxg6 hxg6 25. Bc1 Bxa4 26. b3 Bxb3 27. Rb2
Nc5 28. Bd2 Bc4 29. Rb6 d3 30. Kf1 Ne4 31. Ke1 Nxd2 32. Kxd2 Bg5+ 33. Kd1 Bb5
0-1

[Event "7. Bayerische Meisterschaft 2003"]
[Site "Bad Wiessee"]
[Date "2003.11.08"]
[Round "1"]
[White "Rotstein, Arkadij"]
[Black "Fuchs, Christian"]
[Result "1-0"]
[WhiteElo "2533"]
[BlackElo "2051"]
[PlyCount "113"]
[EventDate "2003.11.08"]

1. d4 Nf6 2. c4 e6 3. Nc3 Bb4 4. Qc2 c5 5. dxc5 O-O 6. Nf3 Nc6 7. Bg5 Bxc5 8.
e3 b6 9. O-O-O h6 10. h4 Bb7 11. a3 Be7 12. Kb1 Rc8 13. Bxf6 Bxf6 14. Ne4 d5
15. Neg5 hxg5 16. hxg5 g6 17. gxf6 Qxf6 18. cxd5 Na5 19. Qe4 Bxd5 20. Qe5 Qxe5
21. Nxe5 Rfd8 22. Ba6 Be4+ 23. Ka2 Rxd1 24. Rxd1 Rc2 25. f3 Bd5+ 26. Kb1 Rxg2
27. e4 Bb3 28. Rc1 Kg7 29. Nd3 Rd2 30. Rc3 Bc4 31. Bxc4 Nxc4 32. Kc1 b5 33. b3
Nxa3 34. Kxd2 Nb1+ 35. Kc2 Nxc3 36. Kxc3 a5 37. Nc5 Kf6 38. Kd4 Ke7 39. e5 f6
40. Ne4 fxe5+ 41. Kc5 a4 42. b4 a3 43. Nc3 g5 44. Kxb5 e4 45. fxe4 g4 46. Ka4
g3 47. Kxa3 g2 48. Ne2 Kd6 49. b5 Ke5 50. b6 Kxe4 51. b7 Ke3 52. Ng1 Kf2 53.
Nh3+ Kg3 54. Nf4 Kxf4 55. b8=Q+ e5 56. Qb6 Kg3 57. Qg1 1-0

[Event "7. Bayerische Meisterschaft 2003"]
[Site "Bad Wiessee"]
[Date "2003.11.08"]
[Round "1"]
[White "Johann, Gregor"]
[Black "Hertneck, Gerald"]
[Result "0-1"]
[WhiteElo "2051"]
[BlackElo "2524"]
[PlyCount "44"]
[EventDate "2003.11.08"]

1. Nf3 g6 2. g3 c5 3. Bg2 Bg7 4. d3 Nc6 5. Nbd2 d6 6. O-O e5 7. e4 Nge7 8. a4
h6 9. Nc4 Be6 10. h3 Qd7 11. Kh2 f5 12. Ng1 fxe4 13. Ne3 exd3 14. Qxd3 O-O 15.
c3 d5 16. c4 e4 17. Qe2 d4 18. Nd5 Nxd5 19. cxd5 Bxd5 20. Bxe4 Rae8 21. Bxd5+
Qxd5 22. Qg4 Ne5 0-1

[Event "7. Bayerische Meisterschaft 2003"]
[Site "Bad Wiessee"]
[Date "2003.11.08"]
[Round "1"]
[White "Schmaltz, Roland"]
[Black "Hittinger, Christian"]
[Result "1-0"]
[WhiteElo "2519"]
[BlackElo "2050"]
[PlyCount "97"]
[EventDate "2003.11.08"]

1. e4 c6 2. d4 d5 3. Nd2 dxe4 4. Nxe4 Bf5 5. Ng3 Bg6 6. Nf3 Nd7 7. h4 h6 8. h5
Bh7 9. Bd3 Bxd3 10. Qxd3 Ngf6 11. Bf4 Qa5+ 12. Bd2 Qc7 13. O-O-O O-O-O 14. c4
e6 15. Ne4 Nc5 16. Nxc5 Bxc5 17. Bc3 Bd6 18. Qe2 Rhe8 19. Kb1 c5 20. g3 a6 21.
Rc1 cxd4 22. Nxd4 Kb8 23. Nb3 Qc6 24. Rh4 Rc8 25. Qe3 e5 26. Na5 Qc5 27. Qe2
Qb6 28. Nb3 Qc6 29. a3 Bc7 30. Ka2 Qe6 31. Ka1 Bd8 32. Bb4 Nd7 33. Rhh1 Be7 34.
Bxe7 Qxe7 35. Qg4 Qe6 36. Qe2 Nc5 37. Nxc5 Rxc5 38. Rc3 e4 39. Rd1 Qe5 40. g4
Rc7 41. Rd5 Qf6 42. Qe3 Re5 43. Qg3 Rce7 44. Rd8+ Ka7 45. Qe3+ b6 46. c5 Rb7
47. Rd6 Qe7 48. cxb6+ Kb8 49. Qd4 1-0

[Event "7. Bayerische Meisterschaft 2003"]
[Site "Bad Wiessee"]
[Date "2003.11.08"]
[Round "1"]
[White "Patzer, Joachim"]
[Black "Doettling, Fabian"]
[Result "0-1"]
[WhiteElo "2049"]
[BlackElo "2519"]
[PlyCount "64"]
[EventDate "2003.11.08"]

1. d4 d5 2. c4 e6 3. Nf3 Nf6 4. Bg5 Be7 5. Nc3 O-O 6. e3 Nbd7 7. Bd3 dxc4 8.
Bxc4 a6 9. O-O b5 10. Bd3 Bb7 11. a3 c5 12. dxc5 Nxc5 13. Be2 h6 14. Bh4 Rc8
15. Rc1 Qxd1 16. Rcxd1 g5 17. Bg3 Nd5 18. Nxd5 Bxd5 19. b4 Na4 20. Rc1 Nc3 21.
Nd4 Bf6 22. Bd3 Rfd8 23. Rc2 e5 24. Nf5 e4 25. Be2 Nxe2+ 26. Rxe2 Bc4 27. Ree1
Bxf1 28. Kxf1 Rc3 29. Nxh6+ Kf8 30. Ng4 Bg7 31. a4 bxa4 32. Ra1 Rcd3 0-1

[Event "7. Bayerische Meisterschaft 2003"]
[Site "Bad Wiessee"]
[Date "2003.11.08"]
[Round "1"]
[White "Solger, Bernhard"]
[Black "Schenk, Andreas"]
[Result "0-1"]
[WhiteElo "2048"]
[BlackElo "2499"]
[PlyCount "98"]
[EventDate "2003.11.08"]

1. e4 e6 2. d4 d5 3. exd5 exd5 4. Bd3 Nc6 5. c3 Bd6 6. Qf3 Be6 7. Ne2 Qd7 8.
Bf4 Be7 9. Nd2 g5 10. Be3 O-O-O 11. Ng3 h5 12. Bf5 h4 13. Bxe6 fxe6 14. Ne2 e5
15. h3 Nh6 16. O-O-O Rdf8 17. Qh5 e4 18. Rhf1 Rf5 19. g4 Rff8 20. c4 Nb4 21.
Kb1 Nf7 22. Qg6 Nd6 23. cxd5 Qb5 24. Qe6+ Kd8 25. Nc1 Nxd5 26. Ncb3 Rf6 27. Qe5
Nf7 28. Qxe4 Re8 29. Rc1 Bd6 30. Qc2 Rxe3 31. fxe3 Nxe3 32. Rxf6 Nxc2 33. Rxf7
Ne3 34. Rc3 Qe8 35. Rf3 Qg6+ 36. Ka1 Nc2+ 37. Rxc2 Qxc2 38. Rf1 b6 39. Rc1 Qd3
40. Rc3 Qe2 41. a3 Bf4 42. Nc4 Qf1+ 43. Ka2 Bg3 44. Ne5 Qxh3 45. Nf7+ Kd7 46.
Nxg5 Qxg4 47. Nh7 Qg7 48. Nd2 Qxh7 49. Nf1 Qf7+ 0-1

[Event "7. Bayerische Meisterschaft 2003"]
[Site "Bad Wiessee"]
[Date "2003.11.08"]
[Round "1"]
[White "Galdunts, Sergey"]
[Black "Schulz, Juergen"]
[Result "1-0"]
[WhiteElo "2496"]
[BlackElo "2048"]
[PlyCount "59"]
[EventDate "2003.11.08"]

1. e4 c6 2. d4 d5 3. e5 Bf5 4. Nc3 e6 5. g4 Bg6 6. Nge2 f6 7. Nf4 Bf7 8. Qe2
Nd7 9. exf6 Qxf6 10. g5 Qxd4 11. Nxe6 Bxe6 12. Qxe6+ Be7 13. Be3 Qe5 14. Qg4
Bc5 15. O-O-O Bxe3+ 16. fxe3 Ne7 17. e4 d4 18. Ne2 c5 19. Nf4 O-O-O 20. Ne6
Rde8 21. Bh3 Kb8 22. Rhf1 Nf8 23. Nf4 Nfg6 24. Nd3 Qc7 25. Qg3 Qxg3 26. hxg3 b6
27. Rf7 Rhg8 28. Be6 Nc8 29. Bd5 Nd6 30. Rd7 1-0

[Event "7. Bayerische Meisterschaft 2003"]
[Site "Bad Wiessee"]
[Date "2003.11.08"]
[Round "1"]
[White "Grom, Waldemar"]
[Black "Shaw, John"]
[Result "0-1"]
[WhiteElo "2044"]
[BlackElo "2465"]
[PlyCount "78"]
[EventDate "2003.11.08"]

1. c4 e5 2. Nc3 Bb4 3. g3 Bxc3 4. bxc3 d6 5. Bg2 Nc6 6. d3 Nge7 7. Bd2 O-O 8.
Rb1 Rb8 9. Nf3 h6 10. O-O Be6 11. Qc1 Qd7 12. Bxh6 gxh6 13. Qxh6 f6 14. Nh4 Rf7
15. f4 f5 16. fxe5 Rh7 17. Qg5+ Rg7 18. Qh6 dxe5 19. Bh3 Nd8 20. Qe3 f4 21.
Bxe6+ Qxe6 22. Qxa7 Ndc6 23. Qf2 fxg3 24. hxg3 Qh3 25. Ng2 Qxg3 26. Qxg3 Rxg3
27. Rf2 b6 28. Kh2 Rg5 29. Rbf1 Ra8 30. e4 Ra3 31. d4 Rxc3 32. d5 Nd4 33. Rf8+
Kh7 34. R1f7+ Rg7 35. Rf2 Rxc4 36. Ne3 Rc3 37. d6 cxd6 38. Nd5 Nxd5 39. exd5 e4
0-1

[Event "7. Bayerische Meisterschaft 2003"]
[Site "Bad Wiessee"]
[Date "2003.11.08"]
[Round "1"]
[White "Trifunovic, Dusan"]
[Black "Zysk, Robert"]
[Result "0-1"]
[WhiteElo "2041"]
[BlackElo "2448"]
[PlyCount "60"]
[EventDate "2003.11.08"]

1. e4 g6 2. d4 Bg7 3. Nf3 d6 4. Be2 Nd7 5. O-O a6 6. c3 e6 7. Na3 Ne7 8. Be3 h6
9. Qd2 b6 10. Rad1 Bb7 11. Qc2 O-O 12. e5 Nf5 13. exd6 cxd6 14. Bf4 Rc8 15. Qd3
Nf6 16. Ne1 b5 17. Bf3 Nd5 18. Bg3 h5 19. h3 Nxg3 20. fxg3 h4 21. Nac2 hxg3 22.
Be2 Qg5 23. Nf3 Qh6 24. Nfe1 Nf4 25. Qd2 Bxg2 26. Rxf4 Qxh3 27. Rh4 Qxh4 28.
Kxg2 Qh2+ 29. Kf3 Qf2+ 30. Kg4 f5+ 0-1

[Event "7. Bayerische Meisterschaft 2003"]
[Site "Bad Wiessee"]
[Date "2003.11.08"]
[Round "1"]
[White "Pirrot, Dieter"]
[Black "Vogiatzis, Dimitrios"]
[Result "1-0"]
[WhiteElo "2422"]
[BlackElo "2037"]
[PlyCount "37"]
[EventDate "2003.11.08"]

1. e4 e5 2. Nf3 d5 3. exd5 Bd6 4. d4 e4 5. Ne5 Ne7 6. Nc3 f6 7. Bb5+ c6 8. dxc6
bxc6 9. Nxc6 Nbxc6 10. d5 Bb4 11. dxc6 Qa5 12. Qh5+ Kf8 13. Bd2 Ba6 14. a4 Nxc6
15. O-O Ne5 16. Bf4 Bxc3 17. bxc3 Bxb5 18. Bxe5 fxe5 19. Qxe5 1-0

[Event "7. Bayerische Meisterschaft 2003"]
[Site "Bad Wiessee"]
[Date "2003.11.08"]
[Round "1"]
[White "Frehen, Werner"]
[Black "Papa, Severin"]
[Result "0-1"]
[WhiteElo "2035"]
[BlackElo "2401"]
[PlyCount "54"]
[EventDate "2003.11.08"]

1. e4 c5 2. Nc3 a6 3. g3 b5 4. Bg2 Bb7 5. d3 e6 6. f4 Nf6 7. Nf3 Be7 8. O-O O-O
9. h3 b4 10. Ne2 c4 11. Be3 Nc6 12. g4 d6 13. Ng3 cxd3 14. cxd3 Rc8 15. g5 Nd7
16. f5 Nce5 17. Nxe5 dxe5 18. Qh5 exf5 19. exf5 Bxg2 20. Kxg2 Rc2+ 21. Kg1 Bc5
22. Bxc5 Nxc5 23. f6 Qd4+ 24. Kh1 Qxb2 25. Qf3 Rh2+ 26. Kg1 Rxh3 27. Qg2 Qd4+
0-1

[Event "7. Bayerische Meisterschaft 2003"]
[Site "Bad Wiessee"]
[Date "2003.11.08"]
[Round "1"]
[White "Gawehns, Klaus"]
[Black "Selg, Rudolf"]
[Result "1-0"]
[WhiteElo "2391"]
[BlackElo "2035"]
[PlyCount "23"]
[EventDate "2003.11.08"]

1. Nf3 f5 2. d4 Nf6 3. Bg5 g6 4. c3 Bg7 5. Qb3 Nc6 6. Nbd2 d6 7. e3 a6 8. Bc4
Na5 9. Qa4+ c6 10. Be2 Be6 11. b4 b5 12. Qxa5 1-0

[Event "7. Bayerische Meisterschaft 2003"]
[Site "Bad Wiessee"]
[Date "2003.11.08"]
[Round "1"]
[White "Vonach, Bernhard"]
[Black "Welling, Gerard"]
[Result "0-1"]
[WhiteElo "2032"]
[BlackElo "2380"]
[PlyCount "73"]
[EventDate "2003.11.08"]

1. d4 b5 2. Be3 Bb7 3. f3 e6 4. Nh3 Nf6 5. Nc3 a6 6. a3 d5 7. Nf4 Nbd7 8. Nd3
Bd6 9. Bf2 O-O 10. Bg3 Qe7 11. b4 e5 12. Nc5 Bc6 13. Nxd7 Bxd7 14. Qd2 a5 15.
e3 exd4 16. Qxd4 axb4 17. Bxd6 Qxd6 18. Nxb5 Bxb5 19. Bxb5 c5 20. Qb2 Qe6 21.
Kf2 bxa3 22. Rxa3 Rab8 23. Rb3 Qd6 24. Rb1 Qxh2 25. Be2 Rbe8 26. c3 Qh4+ 27.
Kg1 Rxe3 28. c4 Rxb3 29. Qxb3 d4 30. Rf1 Re8 31. Rf2 g6 32. Qb5 Qg5 33. f4 Qg3
34. Qc6 Re6 35. Qf3 Ne4 36. Qxg3 Nxg3 37. Kh2 0-1

[Event "7. Bayerische Meisterschaft 2003"]
[Site "Bad Wiessee"]
[Date "2003.11.08"]
[Round "1"]
[White "Dworakowska, Joanna"]
[Black "Pircher, Karl"]
[Result "1-0"]
[WhiteElo "2379"]
[BlackElo "2031"]
[PlyCount "45"]
[EventDate "2003.11.08"]

1. e4 e6 2. d4 d5 3. Nc3 Nf6 4. Bg5 Be7 5. e5 Nfd7 6. Bxe7 Qxe7 7. f4 O-O 8.
Nf3 c5 9. dxc5 Nc6 10. Qd2 Qxc5 11. Bd3 f6 12. exf6 Rxf6 13. O-O-O Nb6 14. Rhf1
Nc4 15. Bxc4 Qxc4 16. g3 Bd7 17. Qd3 Qc5 18. Ng5 g6 19. Nge4 dxe4 20. Nxe4 Qf5
21. Nxf6+ Qxf6 22. Qxd7 Nb4 23. Qd6 1-0

[Event "7. Bayerische Meisterschaft 2003"]
[Site "Bad Wiessee"]
[Date "2003.11.08"]
[Round "1"]
[White "Schmidt, Volker"]
[Black "Reuss, Andreas"]
[Result "0-1"]
[WhiteElo "2030"]
[BlackElo "2361"]
[PlyCount "42"]
[EventDate "2003.11.08"]

1. d4 Nf6 2. c4 e6 3. Nc3 Bb4 4. e3 O-O 5. Bd3 b6 6. Nge2 Bb7 7. O-O d5 8. cxd5
exd5 9. Bd2 Re8 10. Ng3 Nbd7 11. Rc1 a6 12. a3 Bd6 13. Nf5 Bf8 14. Qf3 Ne4 15.
Nxe4 dxe4 16. Qg4 h5 17. Nh6+ Kh7 18. Qxh5 gxh6 19. Qxf7+ Bg7 20. Bb1 Rc8 21.
f3 Nf6 0-1

[Event "7. Bayerische Meisterschaft 2003"]
[Site "Bad Wiessee"]
[Date "2003.11.08"]
[Round "1"]
[White "Heimrath, Reiner"]
[Black "Froembgen, Andreas"]
[Result "1-0"]
[WhiteElo "2340"]
[BlackElo "2022"]
[PlyCount "23"]
[EventDate "2003.11.08"]

1. e4 c5 2. Nc3 Nc6 3. d3 g6 4. Be3 d6 5. d4 b6 6. d5 Ne5 7. f4 Ng4 8. Bb5+ Bd7
9. Qxg4 Bxb5 10. Nxb5 Nf6 11. Qf3 Bg7 12. e5 1-0

[Event "7. Bayerische Meisterschaft 2003"]
[Site "Bad Wiessee"]
[Date "2003.11.08"]
[Round "1"]
[White "Koscielski, Janusch"]
[Black "Muehleder, Alois"]
[Result "1-0"]
[WhiteElo "2312"]
[BlackElo "2017"]
[PlyCount "77"]
[EventDate "2003.11.08"]

1. e4 e5 2. Nf3 Nc6 3. Nc3 Bc5 4. Nxe5 Bxf2+ 5. Kxf2 Nxe5 6. d4 Qf6+ 7. Kg1 Ng6
8. Be3 Nh6 9. Nd5 Qd8 10. Bxh6 gxh6 11. Qf3 O-O 12. Bd3 c6 13. Nf6+ Kg7 14. Rf1
d6 15. h4 Be6 16. Qg3 Kh8 17. Qe3 Kg7 18. Rf3 Rh8 19. Nh5+ Kf8 20. Qxh6+ Ke7
21. Qg5+ Kd7 22. Nf6+ Kc7 23. h5 h6 24. Qa5+ b6 25. Qc3 Ne7 26. d5 Bd7 27. Bb5
Be8 28. Bxc6 Nxc6 29. dxc6 Kc8 30. Rhh3 Qe7 31. Rf5 Qe6 32. b3 a6 33. Rd3 Rf8
34. Rfd5 Kc7 35. Rxd6 Qxd6 36. Rxd6 Kxd6 37. Qd4+ Ke6 38. Nd5 f5 39. Nc7+ 1-0

[Event "7. Bayerische Meisterschaft 2003"]
[Site "Bad Wiessee"]
[Date "2003.11.08"]
[Round "1"]
[White "Trnovec, Mihaly"]
[Black "Reefschlaeger, Helmut"]
[Result "0-1"]
[WhiteElo "2017"]
[BlackElo "2310"]
[PlyCount "52"]
[EventDate "2003.11.08"]

1. e4 e6 2. d4 d5 3. Nc3 Nc6 4. Be3 Bb4 5. exd5 exd5 6. Bd3 Nge7 7. a3 Ba5 8.
Qf3 Be6 9. Nge2 Qd7 10. O-O O-O 11. Nf4 Bxc3 12. bxc3 Bf5 13. Nxd5 Qxd5 14.
Qxd5 Nxd5 15. Bxf5 Nxc3 16. Bd3 Rfd8 17. Bd2 Na4 18. Rfe1 Nxd4 19. Bf4 Nc5 20.
Rad1 Nxd3 21. cxd3 Rd7 22. Re4 Rad8 23. Kf1 Ne6 24. Bg3 Rxd3 25. Rxd3 Rxd3 26.
Bxc7 Nxc7 0-1

[Event "7. Bayerische Meisterschaft 2003"]
[Site "Bad Wiessee"]
[Date "2003.11.08"]
[Round "1"]
[White "Wagner, Rainer"]
[Black "Fischer, Johann"]
[Result "0-1"]
[WhiteElo "2011"]
[BlackElo "2307"]
[PlyCount "54"]
[EventDate "2003.11.08"]

1. d4 Nf6 2. c4 e6 3. Nc3 Bb4 4. Qc2 c5 5. dxc5 O-O 6. Nf3 Na6 7. a3 Bxc3+ 8.
Qxc3 Nxc5 9. b4 Nce4 10. Qd4 a5 11. Bb2 axb4 12. axb4 Rxa1+ 13. Bxa1 d6 14. Nd2
e5 15. Qb2 Nxd2 16. Qxd2 Be6 17. e3 Qa8 18. Bb2 Qa2 19. c5 Ne4 20. Qc2 Bb3 21.
Qc1 Qa4 22. Be2 Qxb4+ 23. Kf1 Rc8 24. f3 Nxc5 25. Kf2 Be6 26. Qa1 Qd2 27. Kf1
Nb3 0-1

[Event "7. Bayerische Meisterschaft 2003"]
[Site "Bad Wiessee"]
[Date "2003.11.08"]
[Round "1"]
[White "Kummerow, Heiko"]
[Black "Bischof, Rainer"]
[Result "1-0"]
[WhiteElo "2307"]
[BlackElo "2010"]
[PlyCount "41"]
[EventDate "2003.11.08"]

1. e4 c6 2. d4 d5 3. Nc3 dxe4 4. Nxe4 Bf5 5. Ng3 Bg6 6. h4 h6 7. Nf3 Nf6 8. h5
Bh7 9. Bd3 Bxd3 10. Qxd3 e6 11. Bf4 Be7 12. O-O-O O-O 13. Qe2 Nbd7 14. Kb1 Qa5
15. Ne5 Nxe5 16. dxe5 Nd5 17. Bd2 Qb6 18. Ne4 Rad8 19. c4 Nb4 20. Bc3 c5 21.
Nf6+ 1-0

[Event "7. Bayerische Meisterschaft 2003"]
[Site "Bad Wiessee"]
[Date "2003.11.08"]
[Round "1"]
[White "Hogenacker, Jacques"]
[Black "Mader, Jens"]
[Result "1-0"]
[WhiteElo "2296"]
[BlackElo "1999"]
[PlyCount "65"]
[EventDate "2003.11.08"]

1. e4 c5 2. Nf3 Nc6 3. d3 d6 4. g3 g6 5. Bg2 Bg7 6. O-O Nf6 7. c3 O-O 8. Qe2
Ng4 9. h3 Nge5 10. Nxe5 dxe5 11. Be3 b6 12. Rd1 Ba6 13. Na3 Rc8 14. Nc4 e6 15.
a3 Qe7 16. b4 Rfd8 17. Rab1 cxb4 18. axb4 Bxc4 19. dxc4 Rxd1+ 20. Rxd1 Rd8 21.
Ra1 Qc7 22. c5 bxc5 23. Bxc5 Bf8 24. Be3 Rd7 25. Qb5 Qb7 26. Bf1 Qxb5 27. Bxb5
Rc7 28. Ra6 Nb8 29. Rxa7 Rxc3 30. Be8 f5 31. b5 Bc5 32. Bf7+ Kf8 33. Bh6# 1-0